|
|
|
|
| LEADER |
00000nam a22000007a 4500 |
| 005 |
20210322222840.0 |
| 007 |
cr|||| |||| |
| 008 |
210322c20109999us ar|w s|||| 0|||b1eng d |
| 022 |
|
|
|a 1542-8419
|
| 035 |
|
|
|a 32851
|
| 040 |
|
|
|a vLex
|
| 090 |
|
|
|c 11352
|d 11352
|
| 245 |
0 |
0 |
|a Bruce R. Hopkins' Nonprofit Counsel
|h [Recurso electrn̤ico] /
|
| 256 |
|
|
|a Servicio en ln̕ea
|
| 260 |
|
|
|a Hoboken:
|b Wiley,
|c 2010 -
|
| 300 |
|
|
|a 1 recurso electrn̤ico
|
| 310 |
|
|
|a Anual
|
| 506 |
1 |
|
|a Disponible solo en los productos indicados
|d vLex Global
|d vLex Global (Academic Edition, excluding Law Schools)
|d vLex Global (Academic Edition, Law Schools)
|
| 650 |
0 |
4 |
|a Derecho Constitucional
|z Estados Unidos
|
| 740 |
0 |
|
|a vLex Revistas (Servicio en ln̕ea)
|
| 856 |
4 |
0 |
|u https://vlex.com/source/32851
|z Acceso restringido
|
| 942 |
|
|
|c REV
|
| 999 |
0 |
|
|a Constitutional right
|